GETS Theological Seminary Library

Polemic in the Book of Hebrews: (Record no. 13249)

MARC details
000 -LEADER
fixed length control field 00638nam a2200193Ia 4500
008 - FIXED-LENGTH DATA ELEMENTS--GENERAL INFORMATION
fixed length control field 200819s9999||||xx |||||||||||||| ||und||
020 ## - INTERNATIONAL STANDARD BOOK NUMBER
International Standard Book Number 1597528390
020 ## - INTERNATIONAL STANDARD BOOK NUMBER
International Standard Book Number 9781597528399
041 ## - LANGUAGE CODE
Language code of text/sound track or separate title eng
050 ## - LIBRARY OF CONGRESS CALL NUMBER
Classification number BS2775.6
Item number .K55 2006
100 ## - MAIN ENTRY--PERSONAL NAME
Personal name Kim, Lloyd
245 #0 - TITLE STATEMENT
Title Polemic in the Book of Hebrews:
Remainder of title anti-semitism, anti-judaism, supersessionism? /
Statement of responsibility, etc. Lloyd Kim
260 ## - PUBLICATION, DISTRIBUTION, ETC.
Place of publication, distribution, etc. Eugene, OR :
Name of publisher, distributor, etc. Pickwick Publications,
Date of publication, distribution, etc. 2006
300 ## - PHYSICAL DESCRIPTION
Extent xiii, 221 p.
Other physical details ;
Dimensions 23 cm.
650 ## - SUBJECT ADDED ENTRY--TOPICAL TERM
Topical term or geographic name entry element Bible. Hebrews Criticism, interpretation, etc.
650 ## - SUBJECT ADDED ENTRY--TOPICAL TERM
Topical term or geographic name entry element Bible. Hebrews.
650 ## - SUBJECT ADDED ENTRY--TOPICAL TERM
Topical term or geographic name entry element Christianity and other religions Judaism History.
Holdings
Withdrawn status Lost status Damaged status Not for loan Home library Current library Shelving location Date acquired Total Checkouts Full call number Barcode Date last seen Price effective from Koha item type
        GETS Theological Seminary Library GETS Theological Seminary Library General Stacks 08/19/2020   BS2775.6 .K55 2006 00003167 08/19/2020 08/19/2020 English Books
OpacCredits

Contact the Librarian, GETS Library
Email: library@mygets.org









Implemented by GETS Library
(Powered by ETCA Professional Group)
GETS Theological Seminary
412 E. Rowland Street, CA 91723